[Event "Hum na Sutli op 16th"]
[White "Kolednjak, Tomislav"]
[Black "Karamarko, Niko"]
[Site "Hum na Sutli"]
[Round "2"]
[Result "1-0"]
[Date "2024.08.18"]
[WhiteElo "2017"]
[BlackElo "1623"]
[PlyCount "113"]
[EventDate "2024.08.17"]
[EventType "swiss"]
[EventRounds "9"]
[EventCountry "CRO"]
[SourceTitle "EXT 2025"]
[Source "ChessBase"]
[SourceDate "2024.10.14"]
[SourceVersion "1"]
[SourceVersionDate "2024.10.14"]
[SourceQuality "1"]

1. Nf3 g6 2. e4 Bg7 3. d4 d6 4. Bc4 Be6 5. Bxe6 fxe6 6. Ng5 Qd7 7. Qf3 Nh6 8. Qh3 Nf7 9. Nxe6 Bf6 10. Be3 Nc6 11. Nc3 a6 12. 0-0 Nfd8 13. Nxd8 Qxh3 14. gxh3 Rxd8 15. Rad1 e6 16. Ne2 Kd7 17. c3 Rhf8 18. Kg2 Ne7 19. Kg3 d5 20. f3 b6 21. h4 a5 22. Bg5 Ra8 23. Nc1 Rab8 24. Nd3 Nc6 25. Rfe1 Bg7 26. Rf1 Rf7 27. h5 gxh5 28. exd5 exd5 29. f4 Bf6 30. h4 Rg8 31. Kh3 Ke6 32. Rde1+ Kd6 33. Ne5 Bxe5 34. fxe5+ Ke6 35. Rxf7 Kxf7 36. Rf1+ Ke8 37. Rf6 Rg6 38. a4 Na7 39. Kg3 Rxf6 40. Bxf6 Kf7 41. Bd8 b5 42. Bxc7 bxa4 43. Bxa5 Ke6 44. Kf4 h6 45. Bb4 Nc6 46. Ke3 Kf5 47. Kd3 Kg4 48. e6 Kxh4 49. e7 Nxe7 50. Bxe7+ Kg4 51. c4 dxc4+ 52. Kxc4 h4 53. Bxh4 Kxh4 54. d5 Kg5 55. d6 Kf6 56. Kc5 h5 57. Kc6 1-0